=LDR 00000nam 2200000 4500 =001 INLIS000000000050691 =005 20170515110400 =035 ##$$a 0010-0517000344 =007 ta =008 170515###########################0###### =020 ##$$a 978-602-1622-04-9 =082 ##$$a 747 =084 ##$$a 747 HAV k =100 #$$a Havier, Gina =245 1#$$a Kitchen Set Minimalis Moderen /$c Gina Havier =260 ##$$a Depok :$b Infra Pustaka =300 ##$$a iv, 72 hlm. : $b Ilus ; $c 24 cm. =650 ##$$a ARSITEKTUR =990 ##$$a 84058405 =990 ##$$a 84058405 =990 ##$$a 31700105 =990 ##$$a 02201708405 =990 ##$$a 31700106 =990 ##$$a 31700105